| 000 | 00540nam a2200181Ia 4500 | ||
|---|---|---|---|
| 008 | 090123s9999 xx 000 0 und d | ||
| 082 | _b39876 | ||
| 100 | _aब्राम्हणकर विजया | ||
| 245 | _aपाहुणी | ||
| 250 | _a1 | ||
| 260 |
_bगीता एजन्सीज _c2006 |
||
| 300 | _a152 | ||
| 600 | _aब्राम्हणकर विजया | ||
| 630 | _aपाहुणी | ||
| 700 | _aब्राम्हणकर विजया | ||
| 730 | _aपाहुणी | ||
| 942 | _cBOOK | ||
| 999 |
_c77948 _d77948 |
||